Ofenzivní pojetí konkurenčního boje firmy

Pojem konkurenčný boj. Ofenzívne a defenzívne chápanie strategického riadenia. Ofenzívny a defenzívny konkurenčný boj. Stratégia úspešného vedenia konkurenčného boja.

Enregistré dans:
Détails bibliographiques
Auteur principal: Bartes, František
Format: Chapitre de livre
Langue:tchèque
Sujets:
Tags: Ajouter un tag
Pas de tags, Soyez le premier à ajouter un tag!

MARC

LEADER 00000naa a2200000 4500
001 r048588
005 20231002130514.9
041 0 |a cze 
044 |a CZ 
245 1 0 |a Ofenzivní pojetí konkurenčního boje firmy  |c František Bartes 
520 |a Pojem konkurenčný boj. Ofenzívne a defenzívne chápanie strategického riadenia. Ofenzívny a defenzívny konkurenčný boj. Stratégia úspešného vedenia konkurenčného boja. 
610 2 0 |a konkurencia 
610 2 0 |a konkurencieschopnosť 
610 2 0 |a manažéri 
610 2 0 |a firmy 
610 2 0 |a stratégia podniková 
610 2 0 |a história 
610 2 0 |a riadenie strategické 
610 2 0 |a trh 
100 1 |a Bartes, František